| 000 | 00430nam a22001817a 4500 | ||
|---|---|---|---|
| 003 | MPLRDC | ||
| 005 | 20220104123607.0 | ||
| 008 | 210129b ||||| |||| 00| 0 eng d | ||
| 020 | _a7-5077-0447-5 | ||
| 082 | _a413.1 ZJB | ||
| 100 | _a张介宾 | ||
| 245 |
_a中医与易学 _c |
||
| 250 | _a一版一刷 | ||
| 260 |
_a _b学苑出版社 _c1993 |
||
| 300 | _b平 | ||
| 650 | _a医经; 中医理论 | ||
| 942 |
_cBK _o413.1 ZJB |
||
| 999 |
_c12651 _d12641 |
||